Quiz o Polesiu - Statystyki

Ogólne statystyki
  • Ten quiz został rozwiązany 6 razy
  • Średni wynik to 7 z 20
Statystyki odpowiedzi
Wskazówka Odpowiedź % Poprawnych
Państwa w których się znajduje Białoruś
100%
Państwa w których się znajduje Polska
100%
Państwa w których się znajduje Rosja
100%
Państwa w których się znajduje Ukraina
100%
Stolica Brześć
50%
Dwa powyższe kanały łączą dorzecza jakich rzek? Bug
33%
Najludniejsze polskie miasto na Polesiu Chełm
33%
Dwa powyższe kanały łączą dorzecza jakich rzek? Dniepr
33%
Główna rzeka Polesia Prypeć
33%
Symbol Poleskiego PN Żuraw
33%
Polskie makroregiony Polesia Polesie {Zachodnie}
17%
Siedziba Poleskiego PN Urszulin
17%
Rok w którym powstał Poleski PN 1990
0%
Największe jezioro Poleskiego PN Jezioro {Łukie}
0%
Polski pisarz który wychowywał się w Romanowie, w powiecie bialskim Józef Ignacy Kraszewski
0%
Kanały rzeczne zbudowane w XVIII w. do połączenia zlewisk Morza Bałtyckiego i Czarnego Kanał {Dniepr-Bug}
0%
Kanały rzeczne zbudowane w XVIII w. do połączenia zlewisk Morza Bałtyckiego i Czarnego Kanał {Ogińskiego}
0%
W jakiej wsi doszło do masowego mordu na żydowskich mieszkańcach? Łomazy
0%
Polskie makroregiony Polesia Polesie {Wołyńskie}
0%
Rdzenni mieszkańcy Polesia Poleszucy
0%
Nie znaleziono quizów pasujących do podanych kryteriów
Rozkład punktacji
Procent ludzi z każdym wynikiem
Percentyl według liczby udzielonych odpowiedzi
Twoja historia wyników
Nie rozwiązałeś tego quizu